| 000 | 00502nam a22001937a 4500 | ||
|---|---|---|---|
| 003 | CEME | ||
| 005 | 20210628203218.0 | ||
| 008 | 210203b xxu||||| |||| 00| 0 eng d | ||
| 020 | _a0155274392 | ||
| 040 | _c. | ||
| 082 | _a657.48 GEN | ||
| 100 |
_aWalgenbach, Paul H , Hanson, Ernest I _964013 |
||
| 245 | _aFinancial accounting , an introduction | ||
| 250 | _a6TH | ||
| 260 |
_aUSA _bHARCOURT BRACE _c1990 |
||
| 300 | _aXVII, 803P | ||
| 650 |
_aFINANCIAL ACCOUNTING. _957169 |
||
| 942 |
_cBK _2ddc |
||
| 999 |
_c572665 _d572665 |
||